[Event "Cappelle Online Blitz op"]
[Site "Europe Echecs INT"]
[Date "2021.03.07"]
[Round "5"]
[White "Lagura, Marcelo"]
[Black "Gollain, Marc"]
[Result "1-0"]
[WhiteElo "1756"]
[BlackElo "2077"]
[PlyCount "83"]
[EventDate "2021.03.07"]
[EventType "swiss (blitz)"]
[EventRounds "11"]
[EventCountry "FRA"]
[SourceTitle "CBM 201 Extra"]
[Source "ChessBase"]
[SourceDate "2021.05.31"]
[SourceVersion "1"]
[SourceVersionDate "2021.05.31"]
[SourceQuality "1"]

1. e4 c5 2. Nf3 d6 3. d4 cxd4 4. Nxd4 Nf6 5. Nc3 Nc6 6. Bc4 e5 7. Nf3 h6 8. 0-0 Be7 9. Re1 0-0 10. Nd5 Nxd5 11. Bxd5 Bd7 12. c3 Rc8 13. a4 b6 14. Be3 Na5 15. Nd2 Bc6 16. b4 Bxd5 17. bxa5 Ba8 18. axb6 axb6 19. Qb3 Qc7 20. c4 Rb8 21. Reb1 Bd8 22. f3 f5 23. c5+ Qf7 24. Qxf7+ Rxf7 25. cxb6 d5 26. exd5 Bxd5 27. a5 e4 28. f4 Bf6 29. Ra4 Bc6 30. Rc4 Bd5 31. Rc7 Rxc7 32. bxc7 Rxb1+ 33. Nxb1 Bb7 34. Nd2 Kf8 35. Nc4 Ke8 36. Nd6+ Kd7 37. Nxb7 Kxc7 38. Nc5 Be7 39. Ne6+ Kb7 40. Nxg7 Ka6 41. Bb6 Bb4 42. Nxf5 1-0

[Event "Prague op 16th"]
[Site "Prague"]
[Date "2017.01.15"]
[Round "4"]
[White "Gollain, Marc"]
[Black "Vuelban, Virgilio"]
[Result "1/2-1/2"]
[WhiteElo "2111"]
[BlackElo "2304"]
[PlyCount "93"]
[EventDate "2017.01.13"]
[EventType "swiss"]
[EventRounds "9"]
[EventCountry "CZE"]
[SourceTitle "CBM 176 Extra"]
[Source "ChessBase"]
[SourceDate "2017.03.02"]
[SourceVersion "1"]
[SourceVersionDate "2017.03.02"]
[SourceQuality "1"]

1. c4 e6 2. g3 d5 3. Bg2 Nf6 4. Nf3 Be7 5. 0-0 0-0 6. b3 c5 7. e3 Nc6 8. Bb2 b6 9. Nc3 Bb7 10. cxd5 Nxd5 11. Nxd5 Qxd5 12. d4 Qd8 13. Qe2 cxd4 14. Rfd1 Qb8 15. Nxd4 Nxd4 16. Rxd4 Bxg2 17. Kxg2 Qb7+ 18. Qf3 Qxf3+ 19. Kxf3 Bf6 20. Rd2 Bxb2 21. Rxb2 Rfc8 22. Rd1 Rc5 23. Rd7 h5 24. h4 a5 25. Rbd2 b5 26. Rd8+ Rxd8 27. Rxd8+ Kh7 28. a3 Rc3 29. Ra8 a4 30. bxa4 Rxa3 31. a5 f6 32. a6 Kg6 33. Rb8 Rxa6 34. Rxb5 e5 35. e4 Kh6 36. Rc5 g5 37. hxg5+ Kxg5 38. Rc8 Ra3+ 39. Kg2 Rb3 40. Rg8+ Kh6 41. Rh8+ Kg6 42. Rg8+ Kh7 43. Ra8 Rb4 44. Kf3 Kg7 45. Ra7+ Kg6 46. Ra8 Kh6 47. Rh8+ 1/2-1/2

[Event "London Classic op 8th"]
[Site "London"]
[Date "2016.12.13"]
[Round "6"]
[White "Garcia Serrano, Jose Manuel1111"]
[Black "Gollain, Marc"]
[Result "0-1"]
[WhiteElo "1913"]
[BlackElo "2122"]
[PlyCount "104"]
[EventDate "2016.12.09"]
[EventType "swiss"]
[EventRounds "9"]
[EventCountry "ENG"]
[SourceTitle "CBM 176 Extra"]
[Source "ChessBase"]
[SourceDate "2017.03.02"]
[SourceVersion "1"]
[SourceVersionDate "2017.03.02"]
[SourceQuality "1"]

1. e4 c5 2. d4 cxd4 3. c3 dxc3 4. Nxc3 Nc6 5. Nf3 d6 6. Bc4 a6 7. 0-0 Nf6 8. Bg5 e6 9. Qe2 h6 10. Bh4 g5 11. Bg3 Nh5 12. Rad1 Nxg3 13. hxg3 Bg7 14. Nh2 b5 15. Bb3 Nd4 16. Qh5 Bb7 17. Rxd4 Bxd4 18. Bxe6 Qe7 19. Bf5 Bxc3 20. bxc3 Bc8 21. f4 Bxf5 22. exf5 0-0-0 23. Qf3 Qb7 24. Qd3 d5 25. Ng4 Qb6+ 26. Kh2 f6 27. a4 Rhe8 28. axb5 h5 29. Nf2 gxf4 30. gxf4 Qxb5 31. Qd1 Qc4 32. Nd3 Re3 33. Nb4 Rxc3 34. Qa1 Qxb4 35. Qxa6+ Kb8 36. Qxf6 Rd7 37. Qe5+ Kb7 38. f6 Rcc7 39. Ra1 Qc5 40. Qb2+ Qb6 41. Qa2 Kc8 42. Qe2 Qxf6 43. Qe8+ Rd8 44. Qa4 Qc6 45. Qd1 d4 46. Qd3 Qf6 47. Qh3+ Kb8 48. Qf3 Rb7 49. Qa3 Qxf4+ 50. Kh1 Qg5 51. Qa8+ Kc7 52. Qa2 d3 0-1

[Event "Wch Seniors 50 26th"]
[Site "Marianske Lazne"]
[Date "2016.11.21"]
[Round "3"]
[White "Vieira, Alexandre Letizio"]
[Black "Gollain, Marc"]
[Result "1/2-1/2"]
[WhiteElo "1835"]
[BlackElo "2097"]
[PlyCount "85"]
[EventDate "2016.11.19"]
[EventType "swiss"]
[EventRounds "11"]
[EventCountry "CZE"]
[SourceTitle "CBM 175 Extra"]
[Source "ChessBase"]
[SourceDate "2016.12.12"]
[SourceVersion "1"]
[SourceVersionDate "2016.12.12"]
[SourceQuality "1"]

1. d4 Nf6 2. Bf4 e6 3. e3 c5 4. c3 b6 5. Nf3 Bb7 6. Bd3 cxd4 7. exd4 Be7 8. Nbd2 d6 9. 0-0 0-0 10. Re1 Nbd7 11. a4 a6 12. h3 Rc8 13. Qe2 Ra8 14. Nc4 Qc7 15. Na3 Rfe8 16. Rad1 Qc6 17. Nc4 Bf8 18. Qc2 h6 19. Bf1 Rac8 20. Bh2 Qc7 21. Ncd2 Qb8 22. Qb3 Qc7 23. Rc1 Rcd8 24. g4 g5 25. Bg2 Bc6 26. Re2 Qb7 27. Ne1 Rc8 28. f4 Bxg2 29. Nxg2 Qd5 30. Qc2 b5 31. Ne3 Qc6 32. fxg5 hxg5 33. axb5 axb5 34. Rf2 Bg7 35. Rcf1 Rf8 36. Qd3 Ra8 37. Nc2 Qb6 38. Nf3 Nh7 39. Qe3 Ndf6 40. Nxg5 Nd5 41. Qd2 Bh6 42. h4 Rae8 43. Qd3 1/2-1/2

[Event "Wch Seniors 50 26th"]
[Site "Marianske Lazne"]
[Date "2016.11.19"]
[Round "1"]
[White "Privoznik, Lubos"]
[Black "Gollain, Marc"]
[Result "0-1"]
[WhiteElo "1652"]
[BlackElo "2097"]
[PlyCount "44"]
[EventDate "2016.11.19"]
[EventType "swiss"]
[EventRounds "11"]
[EventCountry "CZE"]
[SourceTitle "CBM 175 Extra"]
[Source "ChessBase"]
[SourceDate "2016.12.12"]
[SourceVersion "1"]
[SourceVersionDate "2016.12.12"]
[SourceQuality "1"]

1. e4 c5 2. Ne2 Nc6 3. d4 cxd4 4. Nxd4 Nf6 5. Nc3 d6 6. Be2 e5 7. Nb3 a5 8. Bg5 a4 9. Nd2 Be6 10. a3 Be7 11. Bc4 0-0 12. Bxe6 fxe6 13. Nf3 Qb6 14. Rb1 Ng4 15. Be3 Nxe3 16. fxe3 Qxe3+ 17. Qe2 Qc5 18. Qd2 Nd4 19. Nxd4 exd4 20. Nd1 Rac8 21. c3 Bf6 22. Rc1 Bg5 0-1

[Event "FRA-chT2 0910"]
[Site "France"]
[Date "2009.11.22"]
[Round "4.3"]
[White "Samoun, Florent"]
[Black "Gollain, Marc"]
[Result "0-1"]
[WhiteElo "2132"]
[BlackElo "2183"]
[PlyCount "90"]
[EventDate "2009.09.27"]
[EventType "team-tourn"]
[EventRounds "11"]
[EventCountry "FRA"]
[SourceTitle "EXT 2011"]
[Source "ChessBase"]
[SourceDate "2010.11.26"]
[SourceVersion "1"]
[SourceVersionDate "2010.11.26"]
[SourceQuality "1"]

1. e4 c5 2. Nc3 Nc6 3. g3 g6 4. Bg2 Bg7 5. d3 d6 6. Be3 Rb8 7. f4 Nd4 8. Qd2 b5 9. Nd1 b4 10. c3 bxc3 11. bxc3 Nc6 12. Ne2 Qc7 13. 0-0 f5 14. d4 cxd4 15. Nxd4 Nxd4 16. Bxd4 e5 17. Be3 Nf6 18. Nf2 0-0 19. Rad1 Ba6 20. Rfe1 Rfd8 21. Qc2 fxe4 22. fxe5 dxe5 23. Nxe4 Nxe4 24. Bxe4 Bc4 25. Qa4 a6 26. Bg5 Bb5 27. Qb3+ Bc4 28. Qa4 Rxd1 29. Rxd1 Qc5+ 30. Kh1 Be2 31. Rc1 Rf8 32. Qd7 Qf2 33. Qd5+ Kh8 34. Be7 Qe3 35. Rb1 Rc8 36. Bg2 Qxc3 37. Qf7 Qc4 38. Bd5 Qd3 39. Re1 Qd2 40. Rg1 Qe3 41. h4 e4 42. Kh2 Bf3 43. Rg2 Qd4 44. Qe6 Rb8 45. Rc2 Qg1+ 0-1

[Event "Malakoff op 09th"]
[Site "Malakoff"]
[Date "2009.04.11"]
[Round "1"]
[White "Sanchez, Joseph"]
[Black "Gollain, Marc"]
[Result "1-0"]
[WhiteElo "2483"]
[BlackElo "2190"]
[PlyCount "51"]
[EventDate "2009.04.11"]
[EventType "swiss"]
[EventRounds "9"]
[EventCountry "FRA"]
[SourceTitle "EXT 2010"]
[Source "ChessBase"]
[SourceDate "2010.11.25"]
[SourceVersion "1"]
[SourceVersionDate "2010.11.25"]
[SourceQuality "1"]

1. e4 e5 2. Nf3 Nc6 3. d4 exd4 4. Nxd4 Bc5 5. Be3 Bb6 6. Nf5 Qf6 7. Nc3 Nge7 8. Bxb6 axb6 9. Ne3 0-0 10. Bd3 d6 11. 0-0 Be6 12. Kh1 Qh4 13. g3 Qh6 14. f4 f5 15. Qd2 Ra5 16. Rae1 Nd4 17. b4 Ra3 18. Ncd5 Nxd5 19. exd5 Bd7 20. c3 Nb5 21. Nc2 Rxa2 22. Bc4 Raa8 23. Re7 Be8 24. Rfe1 c6 25. dxc6+ Kh8 26. Bxb5 1-0

[Event "FRA-chT2 West 0708"]
[Site "France"]
[Date "2008.03.15"]
[Round "8.5"]
[White "Gollain, Marc"]
[Black "Choisy, Mathilde"]
[Result "1/2-1/2"]
[WhiteElo "2193"]
[BlackElo "2100"]
[PlyCount "140"]
[EventDate "2007.10.21"]
[EventType "team"]
[EventRounds "11"]
[EventCountry "FRA"]
[SourceTitle "EXT 2009"]
[Source "ChessBase"]
[SourceDate "2008.11.26"]
[SourceVersion "1"]
[SourceVersionDate "2008.11.26"]
[SourceQuality "1"]
[WhiteTeam "Bagneux"]
[BlackTeam "Bois Colombes II"]
[WhiteTeamCountry "FRA"]
[BlackTeamCountry "FRA"]

1. Nf3 d6 2. d4 Nf6 3. c4 g6 4. Nc3 Bg7 5. e4 0-0 6. Be2 e5 7. 0-0 Nc6 8. d5 Ne7 9. b4 a5 10. Ba3 Nd7 11. Ne1 f5 12. Nd3 Nf6 13. f3 Bh6 14. Bc1 Bxc1 15. Rxc1 axb4 16. Nxb4 c5 17. Nd3 f4 18. Rb1 g5 19. h3 Nd7 20. Qb3 Rf6 21. Kf2 Ng6 22. Ke1 Nh4 23. Rg1 h5 24. Kd2 Kf7 25. Kc2 Ra6 26. Kb2 Qa5 27. Rbd1 Nb6 28. Ka1 Na4 29. Nb5 Ng6 30. Nb2 Nxb2 31. Qxb2 Bd7 32. Nc3 Rb6 33. Qc2 Nh4 34. Bd3 Ke7 35. Rb1 Rf8 36. Rxb6 Qxb6 37. Rb1 Qa6 38. Bf1 Ra8 39. Rb2 Ra7 40. Qb1 Qa5 41. Qe1 Qa3 42. Qc1 Qa5 43. Bd3 Qa3 44. Bf1 Qa5 45. Rf2 Qa3 46. Rb2 Qa5 47. Nb1 Ra8 48. Nd2 Ra7 49. Qb1 Qc3 50. Nb3 Nxf3 51. gxf3 Qxf3 52. Nd2 Qc3 53. Qe1 Bxh3 54. Bxh3 Qxh3 55. Nb3 Qg3 56. Qd1 g4 57. Nxc5 dxc5 58. d6+ Kd7 59. Qd5 Qe1+ 60. Rb1 Qc3+ 61. Rb2 Qc1+ 62. Rb1 Qc3+ 63. Rb2 Qd4 64. Qf7+ Kxd6 65. Qf6+ Kc7 66. Qe7+ Kc6 67. Qe6+ Kc7 68. Qe7+ Kc6 69. Qe6+ Kc7 70. Qe7+ Kc6 1/2-1/2

[Event "FRA-chT2 West 0708"]
[Site "France"]
[Date "2008.02.10"]
[Round "7.4"]
[White "Gollain, Marc"]
[Black "Rate, Bruno"]
[Result "0-1"]
[WhiteElo "2193"]
[BlackElo "2105"]
[PlyCount "92"]
[EventDate "2007.10.21"]
[EventType "team"]
[EventRounds "11"]
[EventCountry "FRA"]
[SourceTitle "EXT 2009"]
[Source "ChessBase"]
[SourceDate "2008.11.26"]
[SourceVersion "1"]
[SourceVersionDate "2008.11.26"]
[SourceQuality "1"]
[WhiteTeam "Bagneux"]
[BlackTeam "Sautron"]
[WhiteTeamCountry "FRA"]
[BlackTeamCountry "FRA"]

1. Nf3 d5 2. d4 Nf6 3. c4 e6 4. Nc3 Be7 5. Bg5 h6 6. Bh4 Nbd7 7. e3 0-0 8. Rc1 b6 9. cxd5 exd5 10. Bd3 Bb7 11. 0-0 c5 12. Bb1 Ne4 13. Bxe7 Qxe7 14. Qd3 c4 15. Qc2 Rac8 16. Rce1 Rfe8 17. Nd2 Ndf6 18. f3 Nxd2 19. Qxd2 Qd7 20. e4 dxe4 21. fxe4 Rcd8 22. d5 Ng4 23. h3 Ne5 24. Bc2 b5 25. Qd4 a6 26. a3 Qd6 27. Kh1 Bc8 28. Nd1 Bd7 29. Ne3 Rc8 30. Rd1 a5 31. Rc1 Rc7 32. Bb1 Rec8 33. Rfd1 b4 34. axb4 axb4 35. Rf1 c3 36. bxc3 Rxc3 37. Rxc3 Rxc3 38. Rd1 f6 39. Kg1 Bxh3 40. Rf1 Bd7 41. Kh1 h5 42. Kg1 h4 43. Nf5 Bxf5 44. exf5 h3 45. Qe4 Rg3 46. Rf2 Qc5 0-1

[Event "FRA-chT2 West 0708"]
[Site "France"]
[Date "2007.12.16"]
[Round "4.5"]
[White "Gollain, Marc"]
[Black "Le Bail, Clara"]
[Result "1-0"]
[WhiteElo "2194"]
[BlackElo "2051"]
[PlyCount "89"]
[EventDate "2007.10.21"]
[EventType "team"]
[EventRounds "11"]
[EventCountry "FRA"]
[SourceTitle "EXT 2009"]
[Source "ChessBase"]
[SourceDate "2008.11.26"]
[SourceVersion "1"]
[SourceVersionDate "2008.11.26"]
[SourceQuality "1"]
[WhiteTeam "Bagneux"]
[BlackTeam "Rennes Paul Bert"]
[WhiteTeamCountry "FRA"]
[BlackTeamCountry "FRA"]

1. Nf3 d5 2. d4 Nf6 3. c4 c6 4. Nc3 dxc4 5. a4 Bf5 6. Nh4 Bg4 7. h3 Bh5 8. g4 Bg6 9. Nxg6 hxg6 10. e3 e6 11. Bxc4 Nbd7 12. Bf1 Bb4 13. Bg2 Qe7 14. 0-0 Nh7 15. f4 Rd8 16. Qb3 Ndf6 17. g5 Nh5 18. Ne2 Bd6 19. a5 a6 20. Ra4 Rd7 21. Qc3 0-0 22. Rc4 Rfd8 23. h4 Nf8 24. b4 Bb8 25. Qb2 f6 26. Bh3 Rd6 27. Qb1 e5 28. dxe5 fxe5 29. Re4 Rd1 30. Qb3+ Qf7 31. Qxf7+ Kxf7 32. fxe5+ Rxf1+ 33. Kxf1 Ne6 34. Bb2 Ba7 35. Kf2 Rd5 36. Bd4 Bb8 37. Kf3 c5 38. Nc3 Nxd4+ 39. exd4 Rxd4 40. e6+ Ke8 41. Rxd4 cxd4 42. Nd5 Bg3 43. Bf1 Bb8 44. Bd3 Kf8 45. e7+ 1-0

[Event "FRA-chT2 North 0607"]
[Site "France"]
[Date "2007.03.17"]
[Round "8.5"]
[White "Gollain, Marc"]
[Black "Deschin, Pierre Antoine"]
[Result "1-0"]
[WhiteElo "2199"]
[BlackElo "2092"]
[PlyCount "119"]
[EventDate "2006.10.15"]
[EventType "team"]
[EventRounds "11"]
[EventCountry "FRA"]
[SourceTitle "EXT 2008"]
[Source "ChessBase"]
[SourceDate "2007.11.25"]
[SourceVersion "1"]
[SourceVersionDate "2007.11.25"]
[SourceQuality "1"]
[WhiteTeam "Bagneux"]
[BlackTeam "Henin Beaumont"]
[WhiteTeamCountry "FRA"]
[BlackTeamCountry "FRA"]

1. Nf3 c5 2. c4 g6 3. e4 Bg7 4. d4 cxd4 5. Nxd4 Nc6 6. Be3 Nf6 7. Nc3 Ng4 8. Qxg4 Nxd4 9. Qd1 Ne6 10. Qd2 d6 11. Be2 Bd7 12. 0-0 0-0 13. Rfd1 Bc6 14. f3 Re8 15. b4 b6 16. Rac1 Rc8 17. Qe1 Qc7 18. Qf2 Qb7 19. Nd5 Nc7 20. Nc3 Ne6 21. Bd3 Qb8 22. Rf1 Qb7 23. a3 Nc7 24. Rfd1 Rcd8 25. Bb1 Qc8 26. Ba2 e6 27. Bg5 Rd7 28. Bb3 Qa8 29. Qa2 h6 30. Bh4 Be5 31. Ne2 g5 32. Bg3 Qd8 33. Bxe5 dxe5 34. Rxd7 Qxd7 35. Rd1 Qe7 36. Qd2 Kf8 37. Nc1 Rc8 38. Nd3 Rd8 39. Qc3 f6 40. Nc1 Rxd1+ 41. Bxd1 Qd7 42. Qd3 Qd4+ 43. Kf1 Ke7 44. Bc2 Qb2 45. Ne2 Qa1+ 46. Kf2 Ne8 47. c5 bxc5 48. Qa6 Bd7 49. Qxa7 f5 50. Qxc5+ Nd6 51. exf5 exf5 52. Qc3 Qxc3 53. Nxc3 Nc4 54. a4 Kd6 55. Bb3 Nd2 56. Ba2 e4 57. Ke2 e3 58. Kxe3 Nf1+ 59. Kf2 Nxh2 60. Kg1 1-0

[Event "FRA-chT2 North 0607"]
[Site "France"]
[Date "2007.01.20"]
[Round "5.5"]
[White "Nguyen, Thanh Tong"]
[Black "Gollain, Marc"]
[Result "1/2-1/2"]
[WhiteElo "2321"]
[BlackElo "2199"]
[PlyCount "44"]
[EventDate "2006.10.15"]
[EventType "team"]
[EventRounds "11"]
[EventCountry "FRA"]
[SourceTitle "EXT 2008"]
[Source "ChessBase"]
[SourceDate "2007.11.25"]
[SourceVersion "1"]
[SourceVersionDate "2007.11.25"]
[SourceQuality "1"]
[WhiteTeam "Noisy le Grand"]
[BlackTeam "Bagneux"]
[WhiteTeamCountry "FRA"]
[BlackTeamCountry "FRA"]

1. d4 Nf6 2. c4 e6 3. Nf3 d5 4. Nc3 Be7 5. Bf4 0-0 6. e3 c5 7. Be2 Nc6 8. 0-0 b6 9. Ne5 Bb7 10. Bf3 Rc8 11. cxd5 Nxe5 12. Bxe5 Nxd5 13. Nxd5 Bxd5 14. dxc5 Rxc5 15. Bd4 Bxf3 16. Qxf3 Rd5 17. Rac1 Qb8 18. h3 Rfd8 19. Rfd1 Qd6 20. Rf1 Qd7 21. Qg3 Rg5 22. Qf3 Rd5 1/2-1/2

[Event "FRA-chT2 North 0607"]
[Site "France"]
[Date "2006.11.25"]
[Round "2.5"]
[White "Gollain, Marc"]
[Black "Yacob, Francois"]
[Result "1-0"]
[WhiteElo "2193"]
[BlackElo "2164"]
[PlyCount "69"]
[EventDate "2006.10.15"]
[EventType "team"]
[EventRounds "11"]
[EventCountry "FRA"]
[SourceTitle "EXT 2008"]
[Source "ChessBase"]
[SourceDate "2007.11.25"]
[SourceVersion "1"]
[SourceVersionDate "2007.11.25"]
[SourceQuality "1"]
[WhiteTeam "Bagneux"]
[BlackTeam "Cergy Pontoise"]
[WhiteTeamCountry "FRA"]
[BlackTeamCountry "FRA"]

1. Nf3 Nf6 2. c4 e6 3. Nc3 b6 4. g3 Bb7 5. Bg2 Be7 6. 0-0 0-0 7. Re1 d6 8. e4 Nbd7 9. d4 Rc8 10. e5 dxe5 11. dxe5 Ne8 12. Qc2 c5 13. Bf4 Bc6 14. Ne4 h6 15. h4 b5 16. b3 bxc4 17. bxc4 Qa5 18. Nfd2 Ba4 19. Qd3 Nb8 20. Qf3 Nc6 21. Qg4 Kh7 22. Qh5 Nd4 23. Nb3 Qb4 24. Ned2 Bc6 25. Bxc6 Rxc6 26. Nxd4 cxd4 27. g4 f6 28. Rab1 Qa4 29. Rb7 Rc7 30. Rxc7 Nxc7 31. exf6 Bd8 32. fxg7 Rxf4 33. g8Q+ Kxg8 34. Qg6+ Kf8 35. Qxh6+ 1-0

[Event "FRA-chT2B 0506"]
[Site "France"]
[Date "2005.12.04"]
[Round "4.3"]
[White "Gollain, Marc"]
[Black "Lepan, Marvin"]
[Result "1/2-1/2"]
[WhiteElo "2193"]
[BlackElo "2201"]
[PlyCount "80"]
[EventDate "2005.10.27"]
[EventType "team-tourn"]
[EventRounds "11"]
[EventCountry "FRA"]
[SourceTitle "EXT 2006"]
[Source "ChessBase"]
[SourceDate "2005.11.24"]
[SourceVersion "1"]
[SourceVersionDate "2005.11.24"]
[SourceQuality "1"]
[WhiteTeam "Bagneux"]
[BlackTeam "Creteil  II"]
[WhiteTeamCountry "FRA"]
[BlackTeamCountry "FRA"]

1. Nf3 d5 2. d4 c6 3. c4 e6 4. Nc3 dxc4 5. a4 Bb4 6. e4 b5 7. Bd2 Bxc3 8. Bxc3 Nf6 9. axb5 cxb5 10. Ba5 Qd7 11. Ne5 Qb7 12. f3 0-0 13. b3 cxb3 14. Qxb3 Nxe4 15. fxe4 Qxe4+ 16. Be2 Bb7 17. Nf3 Nc6 18. Bc3 a5 19. Qb1 Qg4 20. 0-0 b4 21. h3 Qg3 22. Be1 Qd6 23. Bf2 h6 24. Qb3 Ne7 25. Ne5 Nf5 26. Rfd1 Rfc8 27. Nc4 Qd8 28. Rac1 Bd5 29. Bf3 Ne7 30. Bxd5 Nxd5 31. Re1 a4 32. Qb2 f6 33. Kh1 Rcb8 34. Ra1 Qd7 35. Reb1 Rc8 36. Rc1 Ra7 37. Qc2 Rca8 38. Rcb1 Rb7 39. Qd1 Rc7 40. Qe2 Rb7 1/2-1/2

[Event "FRA-chT2 0405"]
[Site "France"]
[Date "2005.02.06"]
[Round "7.6"]
[White "Gollain, Marc"]
[Black "Legrix, Jean Marie"]
[Result "1-0"]
[WhiteElo "2190"]
[BlackElo "2003"]
[PlyCount "83"]
[EventDate "2004.10.10"]
[EventType "team"]
[EventRounds "11"]
[EventCountry "FRA"]
[SourceTitle "EXT 2006"]
[Source "ChessBase"]
[SourceDate "2005.11.24"]
[SourceVersion "1"]
[SourceVersionDate "2005.11.24"]
[SourceQuality "1"]
[WhiteTeam "Bagneux"]
[BlackTeam "Rueil Malmaison"]
[WhiteTeamCountry "FRA"]
[BlackTeamCountry "FRA"]

1. e4 c5 2. Nf3 d6 3. d4 cxd4 4. Nxd4 Nf6 5. Nc3 a6 6. Bc4 e6 7. Bb3 Be7 8. 0-0 0-0 9. f4 Qc7 10. f5 e5 11. Nde2 Nbd7 12. Ng3 b5 13. Bg5 Bb7 14. a3 Rac8 15. Qe2 Nb6 16. Nh5 Qd8 17. Bxf6 Bxf6 18. Rad1 Nc4 19. Rd3 Kh8 20. Rh3 g6 21. Nxf6 Qxf6 22. fxg6 Qxg6 23. Rf5 Rc7 24. Rfh5 f6 25. Rg3 Qe8 26. Rh6 Rg7 27. Bxc4 bxc4 28. Qxc4 Rxg3 29. hxg3 Qe7 30. Qd3 Qg7 31. Qd2 Rg8 32. Qe3 Qf7 33. Kh2 Rg5 34. Rh4 Qg7 35. b4 Qc7 36. a4 Qe7 37. b5 Qc7 38. b6 Qc4 39. Qd3 Qc8 40. Qxd6 Qxc3 41. Qxf6+ Rg7 42. Rg4 1-0

[Event "FRA-chT2 0405"]
[Site "France"]
[Date "2004.12.05"]
[Round "4.5"]
[White "Gollain, Marc"]
[Black "Debeaune, Robin"]
[Result "1-0"]
[WhiteElo "2190"]
[BlackElo "2163"]
[PlyCount "77"]
[EventDate "2004.10.10"]
[EventType "team"]
[EventRounds "11"]
[EventCountry "FRA"]
[SourceTitle "EXT 2006"]
[Source "ChessBase"]
[SourceDate "2005.11.24"]
[SourceVersion "1"]
[SourceVersionDate "2005.11.24"]
[SourceQuality "1"]
[WhiteTeam "Bagneux"]
[BlackTeam "Bois Colombes"]
[WhiteTeamCountry "FRA"]
[BlackTeamCountry "FRA"]

1. e4 c5 2. Nf3 d6 3. d4 cxd4 4. Nxd4 Nf6 5. Nc3 g6 6. Be3 Bg7 7. f3 Nc6 8. Bc4 0-0 9. Qd2 Bd7 10. 0-0-0 Rc8 11. Bb3 Ne5 12. Kb1 Nc4 13. Bxc4 Rxc4 14. b3 Rc8 15. g4 Rb8 16. h4 b5 17. h5 Qc7 18. Nd5 Nxd5 19. exd5 Rbc8 20. Ne2 a5 21. Bd4 Bf6 22. Bxf6 exf6 23. Nd4 g5 24. h6 Rfe8 25. Rhe1 Re5 26. Rxe5 dxe5 27. Ne2 Qc5 28. Ng3 Qc3 29. Qe2 Bxg4 30. Rd3 Qb4 31. fxg4 a4 32. d6 axb3 33. cxb3 Qc5 34. Qd1 e4 35. Nxe4 Qe5 36. d7 Rd8 37. Qf3 Qh2 38. Qxf6 Qh1+ 39. Kb2 1-0